MDQL
is popping MORE tags! Check the
thread
!
Quizzes
Events
Quiz Creation
Community
Videos
Private Events
Remove Ads
Sign In
Join for FREE
Feedback
Dark Mode
Quiz Categories
Sports
Geography
Music
Movies
Television
Just For Fun
Miscellaneous
History
Literature
Language
Science
Gaming
Entertainment
Religion
Holiday
For Kids
Quiz Lab
Recent
Popular Today
Quiz Kudos Today
Editor Picks
Curator Picks
Quizzes by...
Day
Popularity
Type
Ratings
Length
Year
Community
Subscriptions
Recent Discussions
Orange Saloon
Badges
Playlists
Quests
Create
Leaderboards
Showdown
Live 5
Trivia Bingo
Activity
Puzzle Library
Sporcle Events
Private Events
Virtual Trivia
Globe League
Become a Host
Pub Owners
SporcleCon
Opinionation
Our Games
Videos
Blog
Mobile Apps
Partnerships
Remove Ads and Go Orange
Feedback
Literature
Harry Potter
A Song of Ice and Fire
The Hunger Games
Literary Character
Shakespeare
Book
Author
Novel
Poem
Young Adult
Children's Books
Play
Lord of the Rings
Literature
Harry Potter
A Song of Ice and Fire
The Hunger Games
Literary Character
Shakespeare
Book
Author
Novel
Poem
Young Adult
Children's Books
Play
Lord of the Rings
Random Quiz
Search Sporcle
×
Quiz Lab
Quiz Lab
Literature
Comic Books
Type in answers that appear in a list
Type in answers that appear in a list
Classic
Best Score? Go Orange.
Indie Comics Creators Stats
Can you name the indie comics creators?
By
guydiborneo
10m
54 Questions
148 Plays
148 Plays
148 Plays
Comments
Comments
Give Quiz Kudos
Give Quiz Kudos
-
- Ratings
hide this ad
Forced Order
Answers have to be entered in order
Answers have to be entered in order
Replay
Link that replays current quiz
Next Quiz
Link to next quiz in quiz playlist
You Got
0%
They Got
Avg Score
36%
Avg Friend Score
Upgrade to see
Score Distribution
Jump to the score distribution portion of the page
Score
0/54
Timer
10:00
0
Plays Today
Comic
Creator
% Correct
Bone, RASL
Jeff Smith
92.6%
Cerebus, Glamourpuss
Dave Sim
81.1%
Love and Rockets
Los Bros Hernandez
78.4%
Zot!, Understanding Comics
Scott McCloud
70.9%
Acme Novelty Library
Chris Ware
63.5%
Usagi Yojimbo
Stan Sakai
63.5%
Madman, Red Rocket 7
Mike Allred
62.8%
Stray Bullets
David Lapham
61.5%
Scott Pilgrim
Bryan Lee O'Malley
60.8%
Strangers in Paradise
Terry Moore
60.1%
Milk and Cheese, Dork
Evan Dorkin
59.5%
Grendel, Mage
Matt Wagner
58.1%
Eightball
Daniel Clowes
56.8%
The Goon
Eric Powell
52.7%
Hate
Peter Bagge
51.4%
Rubber Blanket, Asterios Polyp
David Mazzucchelli
50.7%
Concrete
Paul Chadwick
44.6%
Black Hole
Charles Burns
42.6%
Alec, Bacchus
Eddie Campbell
39.2%
Scary Godmother
Jill Thompson
38.5%
Blankets, Carnet de Voyage
Craig Thompson
37.8%
Kane, Jack Staff
Paul Grist
36.5%
Box Office Poison, Tricked
Alex Robinson
35.8%
Palestine, Safe Area Goražde
Joe Sacco
33.8%
Flaming Carrot Comics
Bob Burden
30.4%
Rarebit Fiends, Bratpack, Maximortal
Rick Veitch
29.7%
Age of Bronze
Eric Shanower
29.1%
Comic
Creator
% Correct
The Cowboy Wally Show, The Bakers
Kyle Baker
29.1%
Optic Nerve
Adrian Tomine
29.1%
Cages
Dave McKean
28.4%
Book of Jim, Frank
Jim Woodring
27%
Yummy Fur, Underwater, Louis Riel
Chester Brown
27%
Too Much Coffee Man
Shannon Wheeler
25.7%
Tyrant
Steve Bissette
25%
Sock Monkey, Maakies
Tony Millionaire
25%
THB
Paul Pope
23%
Palookaville
Seth
23%
Xenozoic Tales
Mark Schultz
22.3%
Castle Waiting
Linda Medley
21.6%
Baker Street, Nevermen, The Marquis
Guy Davis
20.3%
American Elf, Super F*ckers
James Kolchalka
20.3%
Mouse Guard
David Peterson
19.6%
Ernie Pook's Comeek, One! Hundred! Demons!
Lynda Barry
17.6%
Stuck Rubber Baby
Howard Cruse
16.9%
The Golem's Mighty Swing
James Sturm
16.9%
Dirty Plotte
Julie Doucet
16.9%
La Perdida
Jessica Abel
15.5%
Clumsy, Girlfriend Trilogy
Jeffrey Brown
12.8%
King-
Cat Comics
John Porcellino
12.2%
Please Release, Swallow Me Whole
Nate Powell
11.5%
Reid Fleming, World's Toughest Milkman
David Boswell
10.8%
Salamander Dream, Gray Horses, Chiggers
Hope Larson
10.8%
Same Difference and Other Stories
Derek Kirk Kim
10.1%
Age of Reptiles
Ricardo Delgado
8.8%
Quiz Playlist
Details
Report
Send in Message
Add To Playlist
Classic:
Type in answers that appear in a list
Forced Order:
Answers have to be entered in order
Quiz Source
Last Updated: Feb 16, 2017
Quiz Scoreboard
CHALLENGE
Sign Up to Join the Scoreboard
Show All
Scores
Hide
Comments
May contain spoilers
Recently Published
Two Season TV Shows II
by 123Four
Television
10m
Image Sorting: Flags VI
by Barbecue
Geography
2m
Find the 'City' Movie
by crazypaving
Movies
60s
More to Explore
Quiz From the Vault
Featured Blog Post
14 Easter Pick-up Lines to Find Eggs With
hide this ad
You Might Also Like...
Tags
Comic Books Quiz
creator
indie
Today's Top Quizzes in Literature
Browse Literature
hide this ad
Today's Top Quizzes in Comic Books
Browse Comic Books
Top Contributed Quizzes in Literature
1
Sneaky Slytherin Logic Puzzle
2
Harry Potter logic puzzle: The Hogwarts Soap Opera
3
Get The Picture: Black or White Literature
4
'Middle' Earth
5
Harry Potter Slytherin Logic Puzzle
6
ASOIAF Siblings Logic Puzzle
7
Logic Puzzle: Avoid Dumbledore's Army
8
The Men of ASOIAF - Logic Puzzle (Hard)
9
A Song of Ice and Fire Logic Puzzle
10
Quick Pick: Easter in Book Titles
Explore More
Trending Topics
Disney
Harry Potter
Marvel
Anime
Crossword
Kpop
NBA
Puzzle
Pokémon
The Office
NFL
Song
Soccer
Country
WWE
hide this ad
More By:
guydiborneo
Quiz
Plays
Rating
Category
Featured
Created
Dick Tracy Villains
286
2.67
Literature
Jan 4, 2010
Indie Comics Creators
148
5.00
Literature
Jan 8, 2010
Go to Creator's Profile
Score Distribution
Quiz Creator Spotlight
guydiborneo
Follow
Send a Message
Quizzes Created
-
Created Quiz Play Count
-
More By This Creator
Popular Quizzes Today
1
Find the US States - No Outlines Minefield
2
Colored Red Africa Blitz
3
Find the 'City' Movie
4
5x2 Blitz: Bands
5
The Countries of the World
6
Find the Countries of Europe - No Outlines Minefield
7
Find the US States
8
US States
More Literature Quizzes
Pyra-Grid: Literature II
Published
Trending Quizzes
Colored Red Europe Blitz I
Colored Red Africa Blitz II
Colored Red Europe Blitz II
Colored Red Africa Blitz III
Colored Red Europe Blitz III
Recently Updated
How Do You Spell That?
pecheneg
Godzilla Movies
pecheneg
Grab Bag: 4-10 Letters
pecheneg
2024 March Madness Bracket
pecheneg
Famous TV Couples
Peacemaker
Champions League XIs: Real Madrid
pecheneg
Largest US Cities 1790-2010
pecheneg
Rides in Walt Disney World
pecheneg
Most Oscar Losses (Acting)
pecheneg
Beyoncé Albums
pecheneg
Trending Topics
Marvel
NBA
Crossword
Anime
Disney
Kpop
Harry Potter
The Office
Pokémon
NFL
Country
Puzzle
Song
WWE
Soccer
Your Account Isn't Verified!
In order to create a playlist on Sporcle, you need to verify the email address you used during registration. Go to your
Sporcle Settings
to finish the process.
Report this User
Report this user for behavior that violates our
Community Guidelines
.
Details:
Send Report
Go to the Sporcle.com Mobile Site →
Comments